000 01438cam a2200349 i 4500
001 41521
003 Mx-PuUPA
005 20250425145656.0
008 140415s1996 mx aeo gr 001 0 spa d
020 _a9688873179
_qedición en tela/hand cover
040 _cMx-PuUPA
_aMx-PuUPA
_bspa
_dMx-PuUPA
_erda
041 1 _aspa
_aeng
043 _ae-sp---
100 1 _aVillarroel, Melvin,
_d1931-
_916804
_eautor
245 1 0 _aArquitectura del vacío :
_barquitectura, urbanismo, medio ambiente /
_cMelvin Villaroel ; traducción (del castellano) / translation (from the spanish), Claudia Quiroz
260 _a
_b
_c
264 1 _aMéxico :
_bEdiciones G. Gili,
_c©1996
300 _a238 páginas :
_bilustraciones, fotografías, planos ;
_c31 cm
336 _2rdacontent
_atexto
_btxt
337 _2rdamedia
_asin medio
_bn
338 _2rdacarrier
_avolumen
_bnc
500 _aEn descripción de ISBN menciona: hand cover, debe decir hard cover.
546 _aTexto en español e inglés.
600 1 4 _aVillaroel, Melvin, 1931-
_vCatálogos
650 7 _2armarc
_aArquitectura de Balnearios
_zEspaña
_zCosta mediterránea
_vCatálogos
_x
650 7 _2armarc
_aArquitectura moderna
_ySiglo XX
_zMálaga
_zEspaña
700 1 _aQuiroz, Claudia,
_etraductor
942 _2ddc
_cLI
_h720.92
_iV65
999 _c41521
_d41521